书目信息 |
| 题名: |
嗓音训练手册
|
|
| 作者: | 奥尔德森 , Alderson 著 ;李维渤 译 | |
| 分册: | ||
| 出版信息: | 北京 中央音乐学院出版社 2006 |
|
| 页数: | 228页 | |
| 开本: | 21cm | |
| 丛书名: | ||
| 单 册: | ||
| 中图分类: | J616.1-62 | |
| 科图分类: | ||
| 主题词: | 发声法--手册 | |
| 电子资源: | ||
| ISBN: | 7-81096-165-9 | |
| 000 | 00865nam0 2200253 450 | |
| 001 | 010012006099686 | |
| 005 | 20120321104128.20 | |
| 010 | @a7-81096-165-9@dCNY22.00 | |
| 100 | @a20070106d2006 em y0chiy0110 ea | |
| 101 | 1 | @achi@ceng |
| 102 | @aCN@b110000 | |
| 105 | @acg z 000yy | |
| 106 | @ar | |
| 200 | 1 | @a嗓音训练手册@9sang yin xun lian shou ce@f(美)理查德·奥尔德森(Richard Alderson)著@g李维渤译 |
| 210 | @a北京@c中央音乐学院出版社@d2006 | |
| 215 | @a228页@c肖像@d21cm | |
| 330 | @a本书内容包括:嗓音训练的七个主要原则、作为歌唱的基础如何发展呼吸、如何形成最佳元音音响、如何训练歌者平稳地变换声区等。 | |
| 606 | 0 | @a发声法@j手册 |
| 690 | @aJ616.1-62@v4 | |
| 701 | 1 | @a奥尔德森@9ao er de sen@bR.@4著 |
| 701 | 1 | @aAlderson@bRichard@4著 |
| 702 | 0 | @a李维渤@9li wei bo@4译 |
| 801 | 0 | @aCN@bRENTIAN@c20070106 |
| 905 | @b539018-24@dJ616.1-62@e592@f7 | |
| 嗓音训练手册/(美)理查德·奥尔德森(Richard Alderson)著/李维渤译.-北京:中央音乐学院出版社,2006 |
| 228页:肖像;21cm |
| ISBN 7-81096-165-9:CNY22.00 |
| 本书内容包括:嗓音训练的七个主要原则、作为歌唱的基础如何发展呼吸、如何形成最佳元音音响、如何训练歌者平稳地变换声区等。 |
| ● |
| 相关链接 |
|
|
|
|
正题名:嗓音训练手册
索取号:J616.1-62/592
 
预约/预借
| 序号 | 登录号 | 条形码 | 馆藏地/架位号 | 状态 | 备注 |
| 1 | 539018 | 205390183 | 第一样本阅览室/ [索取号:J616.1-62/592] | 在馆 | |
| 2 | 539019 | 205390192 | 第一借阅区/ [索取号:J616.1-62/592] | 在馆 | |
| 3 | 539020 | 205390209 | 第一借阅区/ [索取号:J616.1-62/592] | 在馆 | |
| 4 | 539021 | 205390218 | 第一借阅区/ [索取号:J616.1-62/592] | 在馆 | |
| 5 | 539022 | 205390227 | 第一借阅区/ [索取号:J616.1-62/592] | 在馆 | |
| 6 | 539023 | 205390236 | 第一借阅区/ [索取号:J616.1-62/592] | 在馆 |